Differential calculus for beginners /
Guardado en:
| Autor Principal: | |
|---|---|
| Formato: | Libro |
| Idioma: | English |
| Publicado: |
London :
Macmillan,
1893.
|
| Etiquetas: |
Agregar Etiqueta
Sin Etiquetas, Sea el primero en etiquetar este registro!
|
| LEADER | 00424nam a22001335a 4500 | ||
|---|---|---|---|
| 001 | MAT.inmabb006659 | ||
| 008 | 120815s1893####enka##########000#0#eng#d | ||
| 005 | 20150325131323.0 | ||
| 245 | 1 | 0 | |a Differential calculus for beginners / |c by Joseph Edwards. |
| 260 | |a London : |b Macmillan, |c 1893. | ||
| 300 | |a x, 262 p. : |b il. ; |c 18 cm. | ||
| 100 | 1 | |a Edwards, Joseph, |d 1854-1931. | |
| 084 | |a 26-01 |2 msc2000 | ||
| 859 | |h 26 |i Ed26 |p A-5570 |b BIB. MATEMATICA | ||
